Tunnista julkkis kuvasta - Statistics

Yleistilastot
  • Tätä visaa on pelattu 229 kertaa
  • Keskiarvotulos 6 / 32
Vastaustilastot
Kuvavisa Vastaus % Oikein
Elastinen
94%
Anna Abreu
62%
Krista Kosonen
40%
Jorma Uotinen
37%
Lauri Ylönen
36%
Erika Vikman
35%
Pekka Haavisto
34%
Hanna Pakarinen
32%
Maija Vilkkumaa
31%
Paavo Väyrynen
31%
Sanni
24%
Iina ja Minka Kuustonen
21%
Emma Kimiläinen
20%
Manuela Bosco
19%
Konsta Hietanen
16%
Petra Gargano
15%
Tarja Halonen
14%
Lola Odusoga
13%
Jenni Vartiainen
10%
Sauli Niinistö
10%
Kiti Kokkonen
7%
Jaana Pelkonen
5%
Janni Hussi
5%
Laura Närhi
5%
Ilkka Ihamäki
2%
Maaret Kallio
2%
Sara La Fountain
2%
Jenni Pääskysaari
1%
Linda Lampenius
1%
Sami Jauhojärvi
1%
Sami Kuronen
1%
Waltteri Torikka
0%
Ehtoja vastaavia visoja ei löytynyt
Tulosjakauma
Jokaisen tuloksen saaneiden osuus
Persentiili vastausten määrän mukaan
Tuloshistoriasi
Et ole pelannut tätä visaa